Countries Closest To The United Kingdom - Statistics

General Stats
  • This quiz has been taken 36 times
  • The average score is 13 of 15
Answer Stats
Miles Kilometers Country % Correct
68 110 Belgium
100%
22 35 France
100%
248 400 Germany
100%
0 0 Ireland
100%
435 700 Spain
100%
155 250 Denmark
97%
217 350 Norway
97%
545 900 Sweden
97%
93 150 Netherlands
94%
683 1,100 Poland
91%
497 800 Portugal
88%
310 500 Iceland
85%
621 1,000 Finland
82%
807 1,300 Latvia
59%
745 1,200 Lithuania
53%
No matching quizzes found
Score Distribution
Percent of People with Each Score
Percentile by Number Answered
Your Score History
You have not taken this quiz